000
00277nam a22001217a 4500
008
181207b xxu||||| |||| 00| 0 eng d
041
_a
eng
080
_a
910
100
_a
43
101
_a
GJEO
245
_a
Indian Perspective and Global Scenario
_c
Kumar,V
942
_2
udc
_c
BK
999
_c
53013
_d
53013